| 000 | 01451nam a2200349 a 4500 | ||
|---|---|---|---|
| 001 | 0000390 | ||
| 003 | DO-SdBNP | ||
| 005 | 20180309082629.0 | ||
| 007 | 0000390 | ||
| 008 | 150817s2000 ac spa d | ||
| 020 | _a8482612018 | ||
| 040 |
_aBPMSU _bspa _cBPMSU |
||
| 092 |
_a372.61 _bN964e 6to. 2000 |
||
| 100 | 1 | _aNúñez, Manuel | |
| 245 | 1 | 0 |
_aEspañol 6 _beducación básica / _cManuel Núñez ; ilustración Ruddy Núñez ; dirección editorial Obdulia García de Escobar |
| 260 |
_aSanto Domingo : _bSantillana, _c2000. |
||
| 300 |
_a192 p : _bil. retrs. _c28 cm. |
||
| 490 | 0 | _aUmbral | |
| 505 | 1 |
_tEncuentro de dos culturas -- _tNuestra isla, primada de América -- _tMaravillas de la naturaleza -- _tConservemos nuestra naturaleza -- _tVisitar al médico -- _tEducación para la salud -- _tLos deberes y los derechos -- _tInstituciones del mundo -- _tUtilicemos las nuevas tecnologías -- _tLas fuentes del saber -- _tLos frutos del trabajo -- _tMundo diverso -- |
|
| 650 |
_aGRAMÁTICA _xENSEÑANZA BÁSICA |
||
| 650 |
_aGRAMÁTICA _xEDUCACIÓN PRIMARIA |
||
| 650 |
_aEDUCACIÓN BÁSICA _zREPÚBLICA DOMINICANA |
||
| 650 |
_aGRAMÁTICA _xLIBROS DE TEXTO |
||
| 650 |
_aGRAMÁTICA _xESTUDIOS Y EJERCICIOS |
||
| 700 | 1 |
_aNúñez, Ruddy _eil. |
|
| 700 | 1 |
_aGarcía de Escobar, Obdulia _edir. ed. |
|
| 830 | 0 | _aUmbral | |
| 910 | _a00144 | ||
| 942 |
_2ddc _cBK |
||
| 945 | _ainventariado, 2018 / dg | ||
| 956 |
_aYngrid Lockward _b10 |
||
| 999 |
_c10128 _d10128 |
||